| 000 | 00625nam a2200205 a 4500 | ||
|---|---|---|---|
| 005 | 20150411020003.0 | ||
| 008 | 140127b2006 ck ||||| |||| 00| 0 spa d | ||
| 020 | _a958-8151-77-5 | ||
| 040 |
_aCO-BoIAVH _cCO-BoIAVH |
||
| 041 | _aspa | ||
| 044 | _ack | ||
| 090 |
_aIAVH _b00549 |
||
| 245 | _aDeforestación y fragmentación de ecosistemas naturales en el Escudo Guayanés colombiano | ||
| 260 |
_aBogotá _bInstituto Alexander von Humboldt _bCOLCIENCIAS _c2006 |
||
| 300 | _a122 p. | ||
| 700 |
_aArmenteras P., Dolors _95169 |
||
| 700 |
_aVilla G., Claudia María _95170 |
||
| 942 |
_cLIBRO _2ddc _03 |
||
| 945 | _d2006-10-10 | ||
| 999 |
_c5342 _d5342 |
||